000 00378cam a2200145ua 4500
041 _aeng
_h
082 _a828.0355
_bMEN/DE
100 _aMenon, K P S .
245 _aDelhi-chungking: A travel diary /
_cK P S Menon.
_hTextual Documents
260 _aCambridge :
_bCambridge University Press ,
_c1947.
300 _a257 ; .
504 _a
942 _cBK
999 _c4724
_d4724